| 000 | 01086cam a22002533a 4500 | ||
|---|---|---|---|
| 001 | 40086 | ||
| 003 | PGUSA | ||
| 005 | 20140828083908.0 | ||
| 008 | 120626s2012||||xxu|||||s|||||000 | eng d | ||
| 040 |
_aPGUSA _beng |
||
| 042 | _adc | ||
| 050 | 4 | _aPQ | |
| 100 | 1 |
_aMolière, _d1622-1673 |
|
| 245 | 1 | 0 |
_aMolière - Œuvres complètes, Tome 1 _h[electronic resource] / _cMolière |
| 260 |
_bProject Gutenberg, _c2012 |
||
| 505 | 0 | _aNotice sur J.-B. Poquelin Molière -- -- PREMIÈRE ÉPOQUE (1645-1658). -- -- Le Médecin volant, comédie -- -- La Jalousie du Barbouillé, comédie -- -- L'Étourdi, comédie -- -- Le Dépit amoureux, comédie -- -- DEUXIÈME ÉPOQUE (1659-1664). -- -- Les Précieuses Ridicules. -- -- Sganarelle, ou le cocu imaginaire, imitation de l'italien. -- -- Don Garcie de Navarre, imitation de l'espagnol. | |
| 506 | _aPublic domain in the USA. | ||
| 516 | _aElectronic text | ||
| 653 | _aThéâtre | ||
| 700 | 1 |
_aChasles, Philarète, _d1798-1873 |
|
| 830 | 0 |
_aProject Gutenberg _v40086 |
|
| 856 | 4 | 0 | _uhttp://www.gutenberg.org/ebooks/40086 |
| 942 | _cEB | ||
| 999 |
_c269339 _d269339 |
||